Encounter /

Sábháilte in:
Sonraí bibleagrafaíochta
Príomhchruthaitheoir: Adam, Ian
Formáid: LEABHAR
Teanga:English
Foilsithe / Cruthaithe: [Ladysmith, Que.] : Ladysmith, 1973.
LEADER 00818nam a2200253 i 4500
001 c000070673
003 CARM
005 00000000000000.0
008 740114s1973 quc 00010 eng d
015 |a C74-3096-5 
019 1 |a 525437  |5 LACONCORD2021 
020 |a 0919556191  |b pa. :  |c $2.50 
035 |a (OCoLC)800814  |5 LACONCORD2021 
040 |a CaOONL  |b eng  |c CaOONL 
055 0 2 |a PS8551* 
100 1 |a Adam, Ian. 
245 1 0 |a Encounter /  |c Ian Adam. 
260 |a [Ladysmith, Que.] :  |b Ladysmith,  |c 1973. 
300 |a 39 p. ;  |c 21 cm. 
500 |a Poems. 
852 8 |b CARM  |h A2:AE02C0  |i B00702  |p 0017850  |f BK 
082 0 4 |a C811/.5/4 
999 f f |i f5c5dd42-c52c-5bfc-8857-afee34fea2c3  |s c51f25fe-4fb3-56ed-8eaf-b91a859e5ae8 
952 f f |p Can circulate  |a CAVAL  |b CAVAL  |c CAVAL  |d CARM 1 Store  |e B00702  |f A2:AE02C0  |h Other scheme  |i book  |m 0017850